01661nam a22003374a 4500001001200000003000800012006001900020007001500039008004100054010001700095020001500112040002100127035002000148050002300168082002000191110013500211245021500346246002500561260005600586300002300642500012900665504005100794533015200845650004400997650004201041650003701083655002901120700003101149710001701180856012601197ebr10040975CaPaEBRm u cr cn|||||||||990603s1999 dcua sb 001 0 eng  z 99006607  z0309065534 aCaPaEBRcCaPaEBR a(OCoLC)5611753214aJS422b.N39 1999eb04a352.14/09732212 aNational Research Council (U.S.).bCommittee on Improving the Future of U.S. Cities through Improved Metropolitan Area Governance.10aGovernance and opportunity in metropolitan Americah[electronic resource] /cCommittee on Improving the Future of U.S. Cities through Improved Metropolitan Area Governance ; Alan Altshuler ... [et al.] editors.3 aMetropolitan America aWashington, D.C. :bNational Academy Press,cc1999. aix, 347 p. :bill. a"Commission on Behavioral and Social Sciences and Education [and] Transportation Research Board, National Research Council." aIncludes bibliographical references and index. aElectronic reproduction.bPalo Alto, Calif. :cebrary,d2013.nAvailable via World Wide Web.nAccess may be limited to ebrary affiliated libraries. 0aMetropolitan governmentzUnited States. 0aState-local relationszUnited States. 0aCities and townszUnited States. 7aElectronic books.2local1 aAltshuler, Alan A.,d1936-2 aebrary, Inc.40uhttp://site.ebrary.com/lib/rucke/Doc?id=10040975zAn electronic book accessible through the World Wide Web; click to view